Digital Governance and Fundamental Rights A Critical Analysis of Jordan’s Data Protection Law /

Elmentve itt :
Bibliográfiai részletek
Szerző: Tuffaha Al Hussaini Rand Ihab M. H.
Dokumentumtípus: Cikk
Megjelent: 2026
Sorozat:PERSPECTIVES OF LAW AND PUBLIC ADMINISTRATION 15 No. 1
Tárgyszavak:
doi:10.62768/PLPA/2026/15/1/02

mtmt:37111862
Online Access:http://publicatio.bibl.u-szeged.hu/40091
LEADER 00807nab a2200205 i 4500
001 publ40091
005 20260511145521.0
008 260511s2026 hu o 000 eng d
022 |a 2601-7830 
024 7 |a 10.62768/PLPA/2026/15/1/02  |2 doi 
024 7 |a 37111862  |2 mtmt 
040 |a SZTE Publicatio Repozitórium  |b hun 
041 |a eng 
100 2 |a Tuffaha Al Hussaini Rand Ihab M. H. 
245 1 0 |a Digital Governance and Fundamental Rights  |h [elektronikus dokumentum] :  |b A Critical Analysis of Jordan’s Data Protection Law /  |c  Tuffaha Al Hussaini Rand Ihab M. H. 
260 |c 2026 
300 |a 26-49 
490 0 |a PERSPECTIVES OF LAW AND PUBLIC ADMINISTRATION  |v 15 No. 1 
650 4 |a Jogtudomány 
856 4 0 |u http://publicatio.bibl.u-szeged.hu/40091/1/DigitalGovernanceandFundamentalRights.pdf  |z Dokumentum-elérés